Aiming high: the power of floor targets to create better neighbourhoods (Record no. 73552)

MARC details
000 -LEADER
fixed length control field 00938cam a2200253 4500
001 - CONTROL NUMBER
control field ABS67109
008 - FIXED-LENGTH DATA ELEMENTS--GENERAL INFORMATION
fixed length control field 031003n2003 000 0 eng u
035 ## - SYSTEM CONTROL NUMBER
System control number (Sirsi) u123836
100 ## - MAIN ENTRY--PERSONAL NAME
Personal name Knutt, E.
245 ## - TITLE STATEMENT
Title Aiming high: the power of floor targets to create better neighbourhoods
260 ## - PUBLICATION, DISTRIBUTION, ETC.
Date of publication, distribution, etc. 2003
490 ## - SERIES STATEMENT
Series statement Regeneration and Renewal
Volume/sequential designation Supplement September 2003, 2-7(6) (LOAN)
520 ## - SUMMARY, ETC.
Summary, etc. Joint publication between "Regeneration and Renewal" with the Neighbourhood Renewal Unit. Examines the 13 floor targets, a set of national baselines for services delivery. This document discusses these targets with examples drawn from Bradford City Council.
590 ## - LOCAL NOTE (RLIN)
Local note ABS
650 ## - SUBJECT ADDED ENTRY--TOPICAL TERM
Topical term or geographic name entry element COMMUNITY DEVELOPMENT
650 ## - SUBJECT ADDED ENTRY--TOPICAL TERM
Topical term or geographic name entry element HEALTH
650 ## - SUBJECT ADDED ENTRY--TOPICAL TERM
Topical term or geographic name entry element Environment
9 (RLIN) 6238
650 ## - SUBJECT ADDED ENTRY--TOPICAL TERM
Topical term or geographic name entry element CRIME
650 ## - SUBJECT ADDED ENTRY--TOPICAL TERM
Topical term or geographic name entry element HOUSING
690 ## - LOCAL SUBJECT ADDED ENTRY--TOPICAL TERM (OCLC, RLIN)
Topical term or geographic name as entry element REGENERATION
700 ## - ADDED ENTRY--PERSONAL NAME
Personal name Walker, B.
710 ## - ADDED ENTRY--CORPORATE NAME
Corporate name or jurisdiction name as entry element Neighbourhood Renewal Unit
9 (RLIN) 4483
942 ## - ADDED ENTRY ELEMENTS (KOHA)
Suppress in OPAC 0
Holdings
Withdrawn status Lost status Source of classification or shelving scheme Damaged status Not for loan Home library Current library Shelving location Date acquired Total Checkouts Full call number Barcode Date last seen Copy number Price effective from Koha item type
    Dewey Decimal Classification     London London Journal article 03/10/2003   ABS67109 123836-1001 06/08/2019 1 06/08/2019 Journal article